World oldest metro systems - Statistics

General Stats
  • This quiz has been taken 88 times
  • The average score is 11 of 15
Answer Stats
Year opened Answer % Correct
1890 London
100%
1900 Paris
100%
1902 Berlin
95%
1904 New York
91%
1919 Madrid
89%
1897 Chicago
82%
1901 Boston
81%
1927 Tokyo
72%
1924 Barcelona
71%
1907 Philadelphia
59%
1896 Budapest
58%
1896 Glasgow
51%
1904 Athens
46%
1912 Hamburg
46%
1913 Buenos Aires
39%
No matching quizzes found
Score Distribution
Percent of People with Each Score
Percentile by Number Answered
Your Score History
You have not taken this quiz